LEADER 01206nam a2200277 u 4500 001 000000059873 003 CaOOAMICUS 005 20070226120841.0 008 010706s1998 it u000 u eng u 035 $a10896377 040 $aPUL(R)$bita 100 1 $aJuárez Festín, Lorenz Moises.$0(OLS)http://pul/name/41145 245 10$aAret? /$cauctore R.D.M. Lorenz Moisé Juárez Festín. 260 $aRomae :$b[s.n.],$c1998. 300 $a218 p. ;$c24 cm 500 $aIn testa al front.: Pontificia Università gregoriana. Facultas Philosophiae. 500 $aExcerpta ex dissertatione ad Doctoratum in Facultate Philosophiae. Pontificiae Universitatis Gregorianae. 504 $aNote bibliografiche. 650 4$aFilosofia antica.$0(OLS)http://pul/subject/205 710 2 $aPontificia Università Gregoriana.$bFacoltà di filosofia.$0(OLS)http://pul/name/40852 850 $aPUL 852 $aPUL$W1$xDP1 Tesi Pon. Univ. Gregoriana$y40$mTH PUG 4539$j78048$nBK-PRI$b $qTesi$B78048$CPULBib$Z2$F78048 $H $81 941 1 $a16 961 $aINV: 83836 996 $6245$aAret?$9(OLS)http://pul/title/80107 996 $6260$aRomae :$b[s.n.]$9(OLS)http://pul/publisher/48223 LEADER 01486nam a2200325 a 4500 001 000000104706 003 CaOOAMICUS 005 20070426093531.0 008 070426s2006 it a z000 ubita d 040 $aPUL$bita$dLDB 245 00$aKant /$c[a cura di Armando Massarenti]. 246 33$aKant : vita, pensiero, opere scelte 260 $aMilano :$bIl Sole 24 ore,$c2006. 300 $a791 p. :$bill. ;$c22 cm 490 1 $aI grandi filosofi ;$v17 500 $aSulla copertina: Kant : vita, pensiero, opere scelte. 500 $aComprende testi di: Alessandro Ravera, Augusto Guerra. 504 $aInclude riferimenti bibliografici. 600 14$aKant, Immanuel,$d1724-1804.$0(OLS)http://pul/subject/4849 700 1 $aGuerra, Augusto.$0(OLS)http://pul/name/37798 700 1 $aRavera, Alessandro.$0(OLS)http://pul/name/64306 700 1 $aMassarenti, Armando,$eed.$0(OLS)http://pul/name/64044 700 1 $aKant, Immanuel,$d1724-1804$tScritti di storia, politica e diritto.$0(OLS)http://pul/name/64316 830 2$aI grandi filosofi (Il Sole 24 ore) ;$v17.$0(OLS)http://pul/title/131213 850 $aPUL 852 $aPUL$W1$xSL Filosofia 3$y81$m103 COLL 1.17$j117268$qDDC 21$B117228$CPULBib$Z2$F117228 $H104040 $82 941 1 $a9 996 $6246$aKant : vita, pensiero, opere scelte$9(OLS)http://pul/title/131700 996 $6245$aKant$9(OLS)http://pul/title/85955 996 $6260$aMilano :$bIl Sole 24 ore$9(OLS)http://pul/publisher/69212